000
00315nam a2200145Ia 4500
100
_a
Nagalakshmi/Shanmugam
650
_a
General
942
_c
BK
245
_a
The forgotten secrets of a Magical marriage
260
_b
Embassy Books
_c
2016
082
_b
NAG
300
_a
226
546
_a
ENGLISH
999
_c
21055
_d
21055